El primado del Papa: su historia desde los orígenes hasta nuestros días
Saved in:
| 主要作者: | |
|---|---|
| 格式: | 圖書 |
| 語言: | 西班牙语 |
| 出版: |
Santander
Sal Terrae
1996
|
| 主題: | |
| 標簽: |
添加標簽
沒有標簽, 成為第一個標記此記錄!
|
MARC
| LEADER | 00000nam a2200000 a 4500 | ||
|---|---|---|---|
| 001 | UCS7386 | ||
| 003 | CL-VaPUC | ||
| 008 | 971010e19960000SP |||||||||||||||||spa|d | ||
| 020 | |a 9561318091 | ||
| 082 | 0 | 4 | |a 262.131 |b SCH |2 21 |
| 100 | 0 | |a Schatz, Klaus |e author |9 392465 | |
| 245 | 1 | 3 | |a El primado del Papa: su historia desde los orígenes hasta nuestros días |
| 300 | |a 253 p | ||
| 942 | |c BK | ||
| 945 | |d 19971010 00:00:00 |a aalvarez | ||
| 260 | |a Santander |b Sal Terrae |c 1996 | ||
| 650 | 0 | |a Papas |9 258738 | |
| 650 | 0 | |a Pontífices |9 375468 | |
| 650 | 0 | |a Iglesia Católica |9 256114 | |
| 650 | 0 | |a Concilio Vaticano I |9 392466 | |
| 583 | |a last modification |c 19971010 00:00:00 |k Rodrigo Vera | ||
| 999 | |c 262498 |d 262496 | ||
| 952 | |0 0 |1 2 |4 0 |6 262_131000000000000_SCH_1996 |7 0 |8 A |9 291037 |a BIBTEO |b BIBTEO |d 2019-11-19 |i 2023679 |o 262.131 SCH 1996 |p 2023679 |r 2019-11-19 |w 2019-11-19 |y BK |k ICR | ||
| 952 | |0 0 |1 0 |4 0 |6 262_131000000000000_SCH_1996 |7 0 |8 A |9 291038 |a BIBTEO |b BIBTEO |d 2019-11-19 |i 3967794 |l 1 |o 262.131 SCH 1996 |p 3967794 |r 2025-01-17 |s 2023-10-11 |w 2019-11-19 |y BK |k ICR | ||